| 000 | 00704nam a2200181 a 4500 | ||
|---|---|---|---|
| 008 | 081022s1980 ||||||||||||||||| || u | ||
| 050 | _aIBRD(08) | ||
| 110 | _aWorld Bank | ||
| 245 | 1 | 0 |
_aPolicy interventions for technological innovation in developing countries _cPrepared by Charles Cooper |
| 260 |
_aWashignton, D.C. _bWorld Bank _c1980 |
||
| 300 | _a59p. | ||
| 350 | _a0.00 | ||
| 362 | 1 | _ano. 441 | |
| 490 | _aWorld Bank Staff working paper | ||
| 650 | 7 |
_aTECHNOLOGY _2fast |
|
| 650 | _aTECHNOLOGICAL INNOVATION--DEVELOPING COUNTRIES | ||
| 995 |
_D0.00 _FCBU-MAIN LIBRARY (Kitwe) _H1 _I0.00 _M1 _UAVAILABLE _WOct 22, 2008 _ZInternational Publications |
||
| 999 |
_c53857 _d53857 |
||